000 00261nam a2200109Ia 4500
999 _c13205
_d13205
020 _a978-1292221410
100 _aRobbins, Judge, Sanghi
245 0 _aEssentials Of Organizational Behavior
260 _aNew Delhi
_bDorling
_c2005
300 _a553
942 _cBK